000 00763cam a22002653a 4500
001 30972
003 PGUSA
005 20140828083653.0
008 100115s2010||||xxu|||||s|||||000 1 eng d
040 _aPGUSA
_beng
042 _adc
050 4 _aPS
100 1 _aMcGuire, John Joseph,
_d1917-1981
245 1 0 _aTake the Reason Prisoner
_h[electronic resource] /
_cJohn Joseph McGuire
260 _bProject Gutenberg,
_c2010
506 _aPublic domain in the USA.
516 _aElectronic text
653 _aPrisons -- Fiction
653 _aPrison wardens -- Fiction
653 _aScience fiction
700 1 _aSchelling, George Luther,
_d1938-
830 0 _aProject Gutenberg
_v30972
856 4 0 _uhttp://www.gutenberg.org/ebooks/30972
942 _cEB
999 _c260227
_d260227